Linear recursion

Teória rizika, kalkulácie pravdepodobnostných funkcií a aplikácia lineárnej rekurzie s konštantnými alebo variabilnými koefiecientami. Nekonečné rady a pravdepodobnostné funkcie. Zovšeobecnenie Fibonacciho distribúcie. Použitie open source systému Maxima.

Salvato in:
Dettagli Bibliografici
Autore principale: Fecenko, Jozef
Natura: Capitolo di libro
Lingua:slovacco
Soggetti:
Tags: Aggiungi Tag
Nessun Tag, puoi essere il primo ad aggiungerne!!

MARC

LEADER 00000naa$a2200000$$$4500
001 0180716
005 20240502073104.2
041 0 |a slo 
044 |a SK 
245 1 0 |a Linear recursion  |c Jozef Fecenko 
520 |a Teória rizika, kalkulácie pravdepodobnostných funkcií a aplikácia lineárnej rekurzie s konštantnými alebo variabilnými koefiecientami. Nekonečné rady a pravdepodobnostné funkcie. Zovšeobecnenie Fibonacciho distribúcie. Použitie open source systému Maxima. 
610 2 0 |a pravdepodobnosť 
610 2 0 |a distribúcia 
610 2 0 |a metódy distribučné 
610 2 0 |a metódy štatistické 
610 2 0 |a riziko 
610 2 0 |a metódy kalkulačné 
100 1 |a Fecenko, Jozef